000 00562nam a22001937a 4500
999 _c7840
_d7840
003 OSt
005 20220321134819.0
008 220321b ||||| |||| 00| 0 eng d
020 _a0521-556120
040 _cDDC
082 _a321.3DEM1997
100 _aMicheal Bratton
_915822
245 _aDemocratic experiments in Africa
_b: regime transitions in comparative perspective
260 _aNewyork
_b: Cambridge university
_c, C1997
300 _axvi,307p.
_c; 23 cm
504 _aIndex Bibliography
650 _aDemocracy in Africa
_915947
942 _2ddc
_cBOOK